000 00482nam a2200205Ia 4500
003 OSt
005 20250823103315.0
008 250729s1900 xx 000 0 und d
020 _a9788176487719
040 _cAL
041 _aeng
082 _a371.333 KHAS
100 _aKhan Sharif
_9222001
245 _aSchool teaching
260 _aNew Delhi
_bA P H Publishing
300 _a107p
650 _aEducation
_9222002
700 _aMohamad Syed
_9222003
942 _2ddc
_cBED
999 _c235261
_d235261